25 Najmniejszych stanów USA – nagła śmierć - Statystyki

Ogólne statystyki
  • Ten quiz został rozwiązany 1 584 razy
  • Średni wynik to 7 z 25
Answers on the Grid
Answers color-coded by a green-red scale on the quiz's grid according to % correct below.
Alabama
Alaska
Arizona
Arkansas
Connecticut
Dakota Południowa
Dakota Północna
Delaware
Floryda
Georgia
Hawaje
Idaho
Illinois
Indiana
Iowa
Kalifornia
Kansas
Karolina Południowa
Karolina Północna
Kentucky
Kolorado
Luizjana
Maine
Maryland
Massachusetts
Michigan
Minnesota
Mississippi
Missouri
Montana
Nebraska
Nevada
New Hampshire
New Jersey
Nowy Jork
Nowy Meksyk
Ohio
Oklahoma
Oregon
Pensylwania
Rhode Island
Teksas
Tennessee
Utah
Vermont
Waszyngton
Wirginia
Wirginia Zachodnia
Wisconsin
Wyoming
 
Statystyki odpowiedzi
Odpowiedź % Poprawnych
Connecticut
53%
Rhode Island
53%
Hawaje
50%
Delaware
44%
Maine
44%
New Hampshire
44%
Vermont
44%
Maryland
42%
New Jersey
42%
Massachusetts
37%
Nowy Jork
34%
Wirginia Zachodnia
25%
Alabama
23%
Pensylwania
17%
Tennessee
17%
Wirginia
17%
Iowa
16%
Karolina Południowa
15%
Luizjana
15%
Kentucky
14%
Arkansas
13%
Karolina Północna
13%
Ohio
13%
Mississippi
10%
Indiana
7%
Nie znaleziono quizów pasujących do podanych kryteriów
Rozkład punktacji
Procent ludzi z każdym wynikiem
Percentyl według liczby udzielonych odpowiedzi
Twoja historia wyników
Nie rozwiązałeś tego quizu